Welcome to CU Library Online Public Access Catalogue (OPAC)

Introduction to Biblical Hebrew (Record no. 7256)

MARC details
000 -LEADER
fixed length control field 00556nam a2200205 4500
001 - CONTROL NUMBER
control field 329471
005 - DATE AND TIME OF LATEST TRANSACTION
control field 20250809123756.0
008 - FIXED-LENGTH DATA ELEMENTS--GENERAL INFORMATION
fixed length control field 720104s1971 nyu b 001 0 eng
020 ## - INTERNATIONAL STANDARD BOOK NUMBER
International Standard Book Number 0684413221
020 ## - INTERNATIONAL STANDARD BOOK NUMBER
International Standard Book Number 9780684413228
041 0# - LANGUAGE CODE
Language code of text/sound track or separate title eng
-- heb
050 00 - LIBRARY OF CONGRESS CALL NUMBER
Classification number PJ4567
Item number .L3
082 00 - DEWEY DECIMAL CLASSIFICATION NUMBER
Classification number 492.4/8/2421
100 1# - MAIN ENTRY--PERSONAL NAME
Personal name Lambdin, Thomas Oden.
245 10 - TITLE STATEMENT
Title Introduction to Biblical Hebrew
Statement of responsibility, etc. [by] Thomas O. Lambdin.
260 ## - PUBLICATION, DISTRIBUTION, ETC.
Place of publication, distribution, etc. New York,
Name of publisher, distributor, etc. Scribner
Date of publication, distribution, etc. [1971]
300 ## - PHYSICAL DESCRIPTION
Extent xxviii, 345 p.
Dimensions 29 cm.
650 #0 - SUBJECT ADDED ENTRY--TOPICAL TERM
Topical term or geographic name entry element Hebrew language
General subdivision Grammar.
942 ## - ADDED ENTRY ELEMENTS (KOHA)
Source of classification or shelving scheme Library of Congress Classification
Koha item type Books
Suppress in OPAC No
999 ## -
-- 7256
-- 7256
Holdings
Withdrawn status Lost status Source of classification or shelving scheme Damaged status Not for loan Collection Home library Current library Shelving location Date acquired Total checkouts Full call number Barcode Date last seen Copy number Price effective from Koha item type
    Library of Congress Classification     Reference Undergraduate Library (Christ Temple) Undergraduate Library (Christ Temple) General stacks 08/09/2025   REF PJ4567 LAM ulct00004310 08/09/2025 1 08/09/2025 Books
© 2023-2024 Copyright: Central University Libraries. All Rights Reserved | Created by: Mahone Tech Office